| 000 | 00885cab a2200277 4500 | ||
|---|---|---|---|
| 001 | ABS60036 | ||
| 008 | 090401t1999 xxu||||| |||| 00| 0 eng d | ||
| 035 | _a(Sirsi) u90744 | ||
| 041 | _aeng | ||
| 100 | _aMoore, A. | ||
| 245 | _aNoisy neighbours and poor sound insulation: who is responsible? | ||
| 260 | _c1999 | ||
| 350 | _a0 | ||
| 490 |
_aSolicitors` Journal _v(143) 15 January 1999, 39 & 44(2) |
||
| 520 | _aAn analysis of recent case law relating to noise transfer between flats in the same block or house, looking at who the courts hold as responsible for the nuisance. | ||
| 650 | _aBAXTER V CAMDEN LBC | ||
| 650 | _aFLATS | ||
| 650 | _aNOISY NEIGHBOURS | ||
| 650 | _aNUISANCE | ||
| 650 | _aSOUND INSULATION | ||
| 650 | _aSOUTHWARK LBC V MILLS | ||
| 650 | _aSTATUTORY NUISANCE | ||
| 690 | _aPROPERTY LAW AND PRACTICE | ||
| 942 | _n0 | ||
| 948 | _c18/01/1999 | ||
| 999 |
_c57543 _d57543 |
||